| 000 | 00364nam a2200157Ia 4500 | ||
|---|---|---|---|
| 003 | OSt | ||
| 005 | 20240306101706.0 | ||
| 008 | 170523s9999 xx 000 0 und d | ||
| 020 | _a978-9350716595 | ||
| 040 | _ciimtu meerut | ||
| 100 | _aSINGHANIA- VK | ||
| 245 | 0 | _aSTUDENT GUIDE TO INCOME TAXS | |
| 260 | _bTAXMAN PUBLICATION | ||
| 260 | _c2002 | ||
| 942 |
_2ddc _c02 |
||
| 999 |
_c972 _d972 |
||